000 00539nam a22001817a 4500
003 UA-OsUOA
001 8574
007 ta
008 20040813b un ||||| |||| 00| 0 ukr d
100 _aЧуйко В.
942 _cSA
040 _aUA-OsUOA
_cUA-OsUOA
_dUA-OsUOA
245 _a" Ми усі із біди виростали " : Творчий профіль Олексія Довгого
300 _aС.6
955 _a0
773 0 _w0
_tЛітературна Украіна
_dКиїв
_d2004
_g№30
650 7 _aДовгий О.
_2UDC
999 _c294735
_d294735